ESSENTIALS OF PRECLINICAL CONSERVATIVE DENTISTRY. (Record no. 10857)

MARC details
000 -LEADER
fixed length control field 00389nam a22001577a 4500
003 - CONTROL NUMBER IDENTIFIER
control field SGT
020 ## - INTERNATIONAL STANDARD BOOK NUMBER
International Standard Book Number 978-81-8473-920-6
082 ## - DEWEY DECIMAL CLASSIFICATION NUMBER
Classification number 617.6342
Item number E13S
100 ## - MAIN ENTRY--PERSONAL NAME
Personal name SINGH,HARPREET
245 ## - TITLE STATEMENT
Title ESSENTIALS OF PRECLINICAL CONSERVATIVE DENTISTRY.
250 ## - EDITION STATEMENT
Edition statement 1ST
260 ## - PUBLICATION, DISTRIBUTION, ETC. (IMPRINT)
Place of publication, distribution, etc GURGAON
Name of publisher, distributor, etc WOLTER KLUWER HEALTH
Year of Publication 2013
300 ## - PAGE DESCRIPTION
No. of Pages 440
650 ## - SUBJECT ADDED ENTRY--TOPICAL TERM
Topical term or geographic name as entry element CONSERVATIVE DENTISTRY
942 ## - ADDED ENTRY ELEMENTS (KOHA)
Source of classification or shelving scheme Dewey Decimal Classification
Koha item type Books
Holdings
Withdrawn status Lost status Source of classification or shelving scheme Damaged status Not for loan Home library Current library Shelving location Date acquired SGTU Total Checkouts Full call number Accession No. (Barcode) Date last seen Date last borrowed Bill Date Koha item type
    Dewey Decimal Classification     SGT Dental Library SGT Dental Library Reference Book 09/02/2017 SGTU 1 617.6342, E13S FD7499 21/04/2026 21/04/2026 09/02/2017 Books
    Dewey Decimal Classification     SGT Dental Library SGT Dental Library   02/06/2026 SGTU   617.6342 E13S FD10200 02/06/2026   02/06/2026 Books